000 00880nam a2200265Ia 4500
003 OSt
005 20220918171025.0
006 a|||||r|||| 00| 0
007 ta
008 220917b |||||||| |||| 00| 0 eng d
020 _a9781137583246 (hbk)
_cEURO 139.99
024 _a329,801
037 _b3209, 19/03/2018, The Book Seller
_cTextual
040 _aARTS
_cARTS
_beng
041 _2eng
_aeng
082 _aY:4:7, Q6
100 _aKakwani Nanak Au.
_933251
245 0 _aSocial welfare functions and development
_b measurement and policy applications
260 _aLondon
_bPalgrave Macmillan UK
_c2016
300 _axxix,355p.
_ccm.
650 _aSOCIOLOGY; WELFARE STATE
_933252
700 _a Son Hyun Hwa Au.
_933253
942 _hY:4:7, Q6
_cTEXL
_2CC
999 _c137359
_d137359